| 000 | 00389nam a22001337a 4500 | ||
|---|---|---|---|
| 008 | 230623b xxu||||| |||| 00| 0 eng d | ||
| 020 | _a9966900101 | ||
| 082 |
_a330 _bKOU 1996 |
||
| 245 | _aEffects De L'inflation Sur Les Variables Fiscales Invoiriennes: Une Etude Econometrique | ||
| 260 |
_bAfrican Economic Research Consortium _c1996 |
||
| 300 | _a23p | ||
| 440 | _n52 | ||
| 942 |
_2ddc _cBK |
||
| 999 |
_c2415 _d2415 |
||